000
00349pab a2200157 454500
008
180718b1973 xxu||||| |||| 00| 0 eng d
100
_a
Gupta, B.N.
245
_a
Cost-benefit analysis
260
_c
1973
300
_a
p.20-24.
362
_a
Jul-Sep
650
_a
Cost benefit analysis
773
_a
Nagarlok
908
_a
N
909
_a
102599
999
_c
102597
_d
102597